Sports Quiz

Random Sports or MLB Quiz

Home Run Leaders by Decade Quiz Stats

Quiz Updated Jul 20, 2016

Challenge
Share
Tweet
Embed
Score 0/200 Timer 10:00
1 Play Today
Year Player % Correct
2010Babe Ruth
98.6%
2000Babe Ruth
98.6%
1990Babe Ruth
98.6%
1980Babe Ruth
98.6%
1970Babe Ruth
98.6%
1960Babe Ruth
98.6%
1950Babe Ruth
98.6%
1940Babe Ruth
98.6%
2010Barry Bonds
98.4%
2000Barry Bonds
98.4%
2010Hank Aaron
97.3%
2000Hank Aaron
97.3%
1990Hank Aaron
97.3%
1970Hank Aaron
97.3%
1980Hank Aaron
97.3%
2010Sammy Sosa
92.5%
2010Alex Rodriguez
92.4%
2010Willie Mays
90.7%
2000Willie Mays
90.7%
1990Willie Mays
90.7%
1980Willie Mays
90.7%
1970Willie Mays
90.7%
2010Ken Griffey Jr.
89.2%
2010Mark McGwire
88%
2000Mark Mcgwire
88%
2010Mickey Mantle
86.8%
2000Mickey Mantle
86.8%
1990Mickey Mantle
86.8%
1970Mickey Mantle
86.8%
1980Mickey Mantle
86.8%
1960Mickey Mantle
86.8%
2010Ted Williams
83.9%
2000Ted Williams
83.9%
1990Ted Williams
83.9%
1980Ted Williams
83.9%
1970Ted Williams
83.9%
1960Ted Williams
83.9%
1950Ted Williams
83.9%
1990Billy Williams
83.3%
1980Billy Williams
83.3%
1950Cy Williams
83.3%
1940Cy Williams
83.3%
1940Ken Williams
83.2%
2010Jim Thome
80.5%
2000Lou Gehrig
80.2%
1990Lou Gehrig
80.2%
1980Lou Gehrig
80.2%
1970Lou Gehrig
80.2%
1960Lou Gehrig
80.2%
1950Lou Gehrig
80.2%
1940Lou Gehrig
80.2%
2010Reggie Jackson
75.9%
2000Reggie Jackson
75.9%
1990Reggie Jackson
75.9%
1980Reggie Jackson
75.8%
2010Frank Robinson
75%
2000Frank Robinson
75%
1990Frank Robinson
75%
1980Frank Robinson
75%
1970Frank Robinson
75%
2010Mike Schmidt
74.1%
2000Mike Schmidt
74.1%
1990Mike Schmidt
74.1%
2010Frank Thomas
71.9%
2010Harmon Killebrew
71.8%
2000Harmon Killebrew
71.8%
1990Harmon Killebrew
71.8%
Year Player % Correct
1980Harmon Killebrew
71.8%
1970Harmon Killebrew
71.8%
2010Jimmie Foxx
69.1%
2000Jimmie Foxx
69.1%
1990Jimmie Foxx
69.1%
1980Jimmie Foxx
69.1%
1970Jimmie Foxx
69.1%
1960Jimmie Foxx
69.1%
1950Jimmie Foxx
69.1%
1940Jimmie Foxx
69.1%
2010Rafael Palmeiro
69%
2010Manny Ramirez
68.4%
1950Joe Dimaggio
68.2%
1970Joe Dimaggio
68.2%
1960Joe Dimaggio
68.2%
2010Willie McCovey
63.6%
2000Willie McCovey
63.6%
1990Willie McCovey
63.6%
1980Willie McCovey
63.6%
1970Willie McCovey
63.6%
2010Mel Ott
63%
2000Mel Ott
63%
1990Mel Ott
63%
1980Mel Ott
63%
1970Mel Ott
63%
1960Mel Ott
63%
1950Mel Ott
63%
1940Mel Ott
63%
2000Stan Musial
62.3%
1990Stan Musial
62.3%
1980Stan Musial
62.3%
1970Stan Musial
62.3%
1960Stan Musial
62.3%
2010Ernie Banks
61.4%
2000Ernie Banks
61.4%
1990Ernie Banks
61.4%
1980Ernie Banks
61.4%
1970Ernie Banks
61.4%
2010Eddie Murray
58.6%
2000Eddie Murray
58.6%
2000Willie Stargell
55.9%
1990Willie Stargell
55.9%
1980Willie Stargell
55.9%
1980Carl Yastrzemski
53.7%
2000Carl Yastrzemski
53.7%
1990Carl Yastrzemski
53.7%
1960Yogi Berra
53.4%
1970Yogi Berra
53.4%
2000Jose Canseco
50.9%
2010Eddie Mathews
50.1%
2000Eddie Mathews
50.1%
1990Eddie Mathews
50.1%
1980Eddie Mathews
50.1%
1970Eddie Mathews
50.1%
1960Eddie Mathews
50.1%
1990Al Kaline
49.1%
1980Al Kaline
49.1%
1970Al Kaline
49.1%
2010Gary Sheffield
48.2%
1990Johnny Bench
48.2%
1950Hank Greenberg
47.9%
1970Hank Greenberg
47.9%
1960Hank Greenberg
47.9%
1940Hank Greenberg
47.9%
1990Duke Snider
45.5%
1980Duke Snider
45.5%
1970Duke Snider
45.5%
Year Player % Correct
1960Duke Snider
45.5%
1960Bob Johnson
44.5%
1950Bob Johnson
44.5%
1940Bob Johnson
44.5%
1970Ralph Kiner
41.8%
1960Ralph Kiner
41.8%
1960Rogers Hornsby
41.5%
1950Rogers Hornsby
41.5%
1940Rogers Hornsby
41.5%
2000Dave Winfield
39.8%
2000Dave Kingman
39.5%
1990Dave Kingman
39.5%
1950Hack Wilson
39.2%
1940Hack Wilson
39.2%
2000Andre Dawson
37.2%
1980Frank Howard
37.1%
1990Darrell Evans
32.9%
1970Johnny Mize
29.5%
1960Johnny Mize
29.5%
1950Johnny Mize
29.5%
1980Orlando Cepeda
28%
1980Gil Hodges
27.6%
1970Gil Hodges
27.6%
1960Gil Hodges
27.6%
1960Al Simmons
24.8%
1950Al Simmons
24.8%
1940Al Simmons
24.8%
1980Norm Cash
23.2%
1980Rocky Colavito
22.8%
1970Rocky Colavito
22.8%
1960Chuck Klein
22.7%
1950Chuck Klein
22.7%
1940Chuck Klein
22.7%
1990Graig Nettles
20.9%
1960Ted Kluszewski
18.4%
1940Charlie Gehringer
18%
1940Bill Dickey
17.9%
1950Bill Dickey
17.9%
1950Joe Medwick
15.9%
1940Tony Lazzeri
15.1%
1970Joe Adcock
14.8%
1950Gabby Hartnett
14.1%
1940Gabby Hartnett
14.1%
1940Bob Meusel
13.8%
1960Larry Doby
12.9%
1940Harry Heilmann
12.9%
1950Goose Goslin
12.5%
1940Goose Goslin
12.5%
1960Rudy York
12.5%
1950Rudy York
12.5%
1950Earl Averill
12.4%
1940Earl Averill
12.4%
1950Joe Gordon
12.4%
1970Roy Sievers
12%
1940Jim Bottomley
11.8%
1950Jim Bottomley
11.8%
1960Hank Sauer
11.6%
1960Bobby Thomson
11.6%
1940Hal Trosky
11.6%
1950Hal Trosky
11.6%
1940Babe Herman
10%
1960Del Ennis
10%
1950Wally Berger
9.4%
1940Wally Berger
9.4%
1950Bill Nicholson
8.9%
1940Chick Hafey
7.4%

You're not logged in!

Compare scores with friends on all Sporcle quizzes.
Sign Up with Email
OR
Log In

You Might Also Like...

Show Comments

Extras

Top Quizzes Today


Score Distribution

Your Account Isn't Verified!

In order to create a playlist on Sporcle, you need to verify the email address you used during registration. Go to your Sporcle Settings to finish the process.